| 000 | 01124nam a22002897a 4500 | ||
|---|---|---|---|
| 999 |
_c12656 _d12656 |
||
| 003 | EG-ScBUE | ||
| 005 | 20210210112649.0 | ||
| 008 | 090820s2003 ua f 000 d ara d | ||
| 017 | _a2003/10831 | ||
| 020 | _a9773054918 | ||
| 040 |
_aEG-ScBUE _bara _erda _cEG-ScBUE _dEG-ScBUE |
||
| 082 | 0 | 4 |
_a892.726 _bع ث م _222 |
| 100 | 1 |
_aعثمان، إبراهيم الحسيني، _d1970- _eمؤلف. |
|
| 245 | 1 | 0 |
_aأيام إخناتون الأخيرة : _bرحلة الحب والسلام / _cتأليف إبراهيم الحسيني عثمان ؛ تقديم د. حسن عطية. |
| 250 | _aالطبعة الأولى. | ||
| 264 | 1 |
_aالقاهرة : _bالهيئة العامة لقصور الثقافة، _c2003. |
|
| 300 |
_a167 صفحة ؛ _c12 سم. |
||
| 336 |
_2rdacontent _aنص _btxt |
||
| 337 |
_2rdamedia _aبدون وسيط _bn |
||
| 338 |
_2rdacarrier _aمجلد _bnc |
||
| 490 | 0 |
_aنصوص مسرحية ؛ _v34 |
|
| 650 | 7 |
_98024 _aالمسرحيات العربية _zمصر _yقرن 20. _2BUEsh |
|
| 651 | _2BUEsh | ||
| 653 |
_bARALIT _cFebruary2021 |
||
| 655 |
_vReading book _934232 |
||
| 942 |
_2ddc _cBB |
||